| 000 | 00563nam 22002053 4500 | ||
|---|---|---|---|
| 001 | 201220 | ||
| 021 |
_aPT _b173/82 |
||
| 090 | _a201220 | ||
| 100 | _a20260312d u||y0pory50 ba | ||
| 200 |
_aAs Legiões perdidas _fJacques Martin _gtradução de José Jorge Rúbio |
||
| 210 |
_aPorto _cEdições 70 _dD. L. 1982 |
||
| 215 |
_a64 p. _cil. ; encadernado _d30 cm |
||
| 225 | _aAlix | ||
| 606 |
_91586 _aDesenho Artístico |
||
| 610 | _aBanda Desenhada | ||
| 675 |
_a74 _vPT _zpor |
||
| 700 |
_916650 _aMartin _bJ. |
||
| 801 |
_aPT _bBMMN _gRPC |
||
| 830 | _cIsabel | ||
| 990 | _cLIVROS | ||